<?xml version="1.0" encoding="UTF-8"?>
<record
    xmlns:xsi="http://www.w3.org/2001/XMLSchema-instance"
    xsi:schemaLocation="http://www.loc.gov/MARC21/slim http://www.loc.gov/standards/marcxml/schema/MARC21slim.xsd"
    xmlns="http://www.loc.gov/MARC21/slim">

  <leader>02012cam a22003731  4500</leader>
  <controlfield tag="001">gs 42000105 </controlfield>
  <controlfield tag="003">DLC</controlfield>
  <controlfield tag="005">20260227111347.0</controlfield>
  <controlfield tag="008">780223s1941    ksuab    b    000 0 eng c</controlfield>
  <datafield tag="010" ind1=" " ind2=" ">
    <subfield code="a">gs 42000105 </subfield>
  </datafield>
  <datafield tag="035" ind1=" " ind2=" ">
    <subfield code="a">(OCoLC)3664428</subfield>
  </datafield>
  <datafield tag="040" ind1=" " ind2=" ">
    <subfield code="a">U. S. Geol. Survey.  Library</subfield>
    <subfield code="c">TxEU</subfield>
    <subfield code="d">OCoLC</subfield>
    <subfield code="d">WaChenE</subfield>
    <subfield code="d">OCoLC</subfield>
    <subfield code="d">DLC</subfield>
  </datafield>
  <datafield tag="042" ind1=" " ind2=" ">
    <subfield code="a">premarc</subfield>
  </datafield>
  <datafield tag="043" ind1=" " ind2=" ">
    <subfield code="a">n-us-ks</subfield>
  </datafield>
  <datafield tag="050" ind1="0" ind2="0">
    <subfield code="a">QE113</subfield>
    <subfield code="b">.A2 no. 37</subfield>
  </datafield>
  <datafield tag="082" ind1=" " ind2=" ">
    <subfield code="a">(557.81)</subfield>
    <subfield code="a">551.49</subfield>
  </datafield>
  <datafield tag="100" ind1="1" ind2=" ">
    <subfield code="a">Latta, Bruce Ferrell,</subfield>
    <subfield code="d">1916-</subfield>
  </datafield>
  <datafield tag="245" ind1="1" ind2="0">
    <subfield code="a">Geology and ground-water resources of Stanton County, Kansas /</subfield>
    <subfield code="c">by Bruce F. Latta ; analyses by Robert H. Hess ...</subfield>
  </datafield>
  <datafield tag="260" ind1=" " ind2=" ">
    <subfield code="a">Topeka :</subfield>
    <subfield code="b">Printed by Kansas State Printing Plant,</subfield>
    <subfield code="c">1941.</subfield>
  </datafield>
  <datafield tag="300" ind1=" " ind2=" ">
    <subfield code="a">119 p. :</subfield>
    <subfield code="b">incl. illus., tables, diagrs., 2 fold. maps, fold. profiles ;</subfield>
    <subfield code="c">23 cm.</subfield>
  </datafield>
  <datafield tag="490" ind1="1" ind2=" ">
    <subfield code="a">Kansas. State Geological Survey. Bulletin</subfield>
    <subfield code="v">37</subfield>
  </datafield>
  <datafield tag="500" ind1=" " ind2=" ">
    <subfield code="a">At head of title:  State Geological Survey of Kansas, Raymond C. Moore ... State Geologist and Director, John C. Frye ... Assistant State Geologist and Assistant Director. Division of Ground Water, Stanley W. Lohman, Geologist in Charge ...</subfield>
  </datafield>
  <datafield tag="500" ind1=" " ind2=" ">
    <subfield code="a">"University of Kansas Publications, November, 1941."</subfield>
  </datafield>
  <datafield tag="500" ind1=" " ind2=" ">
    <subfield code="a">"Prepared by the United States Geological survey, and the State geological survey of Kansas, with the cooperation of the Division of sanitation of the Kansas State board of health, and the Division of water resources, Kansas Stte board of agriculture."</subfield>
  </datafield>
  <datafield tag="501" ind1=" " ind2=" ">
    <subfield code="a">With : Geological studies in southwestern Kansas / by H.T.U. Smith, 1940.  Bound together subsequent to publication.</subfield>
    <subfield code="5">DLC</subfield>
  </datafield>
  <datafield tag="504" ind1=" " ind2=" ">
    <subfield code="a">Bibliography: p. 87-89.</subfield>
  </datafield>
  <datafield tag="650" ind1=" " ind2="0">
    <subfield code="a">Groundwater</subfield>
    <subfield code="z">Kansas</subfield>
    <subfield code="z">Stanton County.</subfield>
  </datafield>
  <datafield tag="650" ind1=" " ind2="0">
    <subfield code="a">Geology</subfield>
    <subfield code="z">Kansas</subfield>
    <subfield code="z">Stanton County.</subfield>
  </datafield>
  <datafield tag="700" ind1="1" ind2=" ">
    <subfield code="a">Hess, Robert Harlan,</subfield>
    <subfield code="d">1910-</subfield>
  </datafield>
  <datafield tag="710" ind1="2" ind2=" ">
    <subfield code="a">Geological Survey (U.S.)</subfield>
  </datafield>
  <datafield tag="710" ind1="2" ind2=" ">
    <subfield code="a">Kansas State Board of Health.</subfield>
    <subfield code="b">Division of Sanitation.</subfield>
  </datafield>
  <datafield tag="710" ind1="1" ind2=" ">
    <subfield code="a">Kansas.</subfield>
    <subfield code="b">State Board of Agriculture.</subfield>
    <subfield code="b">Division of Water Resources.</subfield>
  </datafield>
  <datafield tag="830" ind1=" " ind2="0">
    <subfield code="a">Bulletin (Kansas Geological Survey) ;</subfield>
    <subfield code="v">37.</subfield>
  </datafield>
  <datafield tag="999" ind1=" " ind2=" ">
    <subfield code="c">27778</subfield>
    <subfield code="d">27778</subfield>
  </datafield>
</record>
